000
00310nam a2200157Ia 4500
100
_a
Smith/R.J/ Dorf R.C
250
_a
5
942
_c
BK
654
_a
systems
245
_a
Circuits
260
_b
Wiley
_a
New york
_c
1992
082
_a
621.38132
_b
SMI
300
_a
868
546
_a
ENGLISH
999
_c
22134
_d
22134